Attempts at self-enucleation and genital self-mutilation in the context of RESLES in a schizophrenic patient (notice n° 1853429)
[ vue normale ]
| 000 -LEADER | |
|---|---|
| fixed length control field | 01494cam a2200301 4500500 |
| 005 - DATE AND TIME OF LATEST TRANSACTION | |
| control field | 20260329010530.0 |
| 041 ## - LANGUAGE CODE | |
| Language code of text/sound track or separate title | fre |
| 042 ## - AUTHENTICATION CODE | |
| Authentication code | dc |
| 100 10 - MAIN ENTRY--PERSONAL NAME | |
| Personal name | Maimouni, Mohammed |
| Relator term | author |
| 245 00 - TITLE STATEMENT | |
| Title | Attempts at self-enucleation and genital self-mutilation in the context of RESLES in a schizophrenic patient |
| 260 ## - PUBLICATION, DISTRIBUTION, ETC. | |
| Date of publication, distribution, etc. | 2022.<br/> |
| 500 ## - GENERAL NOTE | |
| General note | 57 |
| 520 ## - SUMMARY, ETC. | |
| Summary, etc. | We report the case of a young man hospitalized in a psychiatric ward for a schizophrenic relapse and who presents recurrent tonic-clonic epileptic seizures concomitant with attempts at genital self-mutilation and self-enucleation in the context of RESLES (reversible splenial lesion syndrome). The patient was treated with the aim of achieving remission of schizophrenic symptoms and also with a view to investigating the etiological factors of the tonic-clonic seizures causing these serious self-mutilations. |
| 690 ## - LOCAL SUBJECT ADDED ENTRY--TOPICAL TERM (OCLC, RLIN) | |
| Topical term or geographic name as entry element | epileptic seizures |
| 690 ## - LOCAL SUBJECT ADDED ENTRY--TOPICAL TERM (OCLC, RLIN) | |
| Topical term or geographic name as entry element | RESLES |
| 690 ## - LOCAL SUBJECT ADDED ENTRY--TOPICAL TERM (OCLC, RLIN) | |
| Topical term or geographic name as entry element | self-enucleation |
| 690 ## - LOCAL SUBJECT ADDED ENTRY--TOPICAL TERM (OCLC, RLIN) | |
| Topical term or geographic name as entry element | self-mutilation |
| 690 ## - LOCAL SUBJECT ADDED ENTRY--TOPICAL TERM (OCLC, RLIN) | |
| Topical term or geographic name as entry element | epileptic seizures |
| 690 ## - LOCAL SUBJECT ADDED ENTRY--TOPICAL TERM (OCLC, RLIN) | |
| Topical term or geographic name as entry element | RESLES |
| 690 ## - LOCAL SUBJECT ADDED ENTRY--TOPICAL TERM (OCLC, RLIN) | |
| Topical term or geographic name as entry element | self-enucleation |
| 690 ## - LOCAL SUBJECT ADDED ENTRY--TOPICAL TERM (OCLC, RLIN) | |
| Topical term or geographic name as entry element | self-mutilation |
| 700 10 - ADDED ENTRY--PERSONAL NAME | |
| Personal name | Moussaoui, Jihane |
| Relator term | author |
| 700 10 - ADDED ENTRY--PERSONAL NAME | |
| Personal name | Chlihfane, Rajae |
| Relator term | author |
| 700 10 - ADDED ENTRY--PERSONAL NAME | |
| Personal name | Barrimi, Mohammed |
| Relator term | author |
| 700 10 - ADDED ENTRY--PERSONAL NAME | |
| Personal name | Reca, Martin |
| Relator term | author |
| 786 0# - DATA SOURCE ENTRY | |
| Note | L'information psychiatrique | Volume 98 | 1 | 2022-02-09 | p. 49-51 | 0020-0204 |
| 856 41 - ELECTRONIC LOCATION AND ACCESS | |
| Uniform Resource Identifier | <a href="https://stm.cairn.info/journal-l-information-psychiatrique-2022-1-page-49?lang=en&redirect-ssocas=7080">https://stm.cairn.info/journal-l-information-psychiatrique-2022-1-page-49?lang=en&redirect-ssocas=7080</a> |
Pas d'exemplaire disponible.




Réseaux sociaux